[Event "e2e4 Diamond Jubilee Premier"]
[Site "London ENG"]
[Date "2012.06.05"]
[Round "7.15"]
[White "Sreeves,C"]
[Black "Lim,Z"]
[Result "0-1"]
[WhiteElo "2209"]
[BlackElo "2095"]

1.e4 d6 2.d4 Nf6 3.Nc3 c6 4.f4 Qa5 5.Bd3 d5 6.e5 Ne4 7.Bd2 Nxd2 8.Qxd2 g6
9.Nf3 Bg4 10.Qe3 Bxf3 11.Qxf3 e6 12.O-O Nd7 13.Kh1 Be7 14.a3 Qb6 15.Qe3 c5
16.Na4 Qc6 17.Nxc5 Bxc5 18.dxc5 Qxc5 19.Qxc5 Nxc5 20.b4 Nxd3 21.cxd3 Rc8
22.Rfc1 Kd7 23.Kg1 Rhg8 24.Kf2 g5 25.fxg5 Rxc1 26.Rxc1 Rxg5 27.d4 Rg4 28.Rd1 Kc6
29.a4 Kb6 30.g3 Re4 31.Rd2 a6 32.Rd1 Kc6 33.Rd2 Kd7 34.Rd1 b5 35.axb5 axb5
36.Rd3 Ke7 37.Rd1 f6 38.exf6+ Kxf6 39.Rd3 e5 40.dxe5+ Kxe5 41.Rb3 Kd4 42.h4 Kc4
43.Rf3 d4 44.Rf7 h5 45.Rf5 d3 46.Rxh5 d2 47.Rc5+ Kxb4 48.Rd5 Kc3 49.h5 Kc2
50.Kf3 Re5  0-1

[Event "Asian Junior Open 2012"]
[Site "Tashkent UZB"]
[Date "2012.06.05"]
[Round "7.7"]
[White "Alikulov,Elbek"]
[Black "Sapaev,M"]
[Result "1/2-1/2"]
[WhiteElo "2249"]
[BlackElo "2147"]

1.e4 d6 2.d4 Nf6 3.Nc3 e5 4.Nf3 Nbd7 5.Bc4 Be7 6.a4 O-O 7.O-O c6 8.h3 Nxe4
9.Nxe4 d5 10.Nxe5 Nxe5 11.dxe5 dxc4 12.Qe2 Qd4 13.Nc3 Be6 14.Rd1 Qc5 15.Bf4 Rad8
16.Ne4 Qb4 17.Rxd8 Rxd8 18.c3 Qa5 19.Nd6 Bxd6 20.exd6 Qf5 21.Qe3 Qc2 22.Qxa7 Qxb2
23.Rc1 h6 24.Qa5 Rxd6 25.Bxd6 Qxc1+ 26.Kh2 Qb2 27.Bc5 Kh7 28.Bd4 Qc1 29.Qc7 Bd5
30.h4 Qc2 31.Qg3 Qg6  1/2-1/2

[Event "e2e4 Diamond Jubilee Premier"]
[Site "London ENG"]
[Date "2012.06.06"]
[Round "9.7"]
[White "Rausis,I"]
[Black "Lim,Z"]
[Result "1/2-1/2"]
[WhiteElo "2514"]
[BlackElo "2095"]

1.e4 d6 2.d4 Nf6 3.Nc3 c6 4.f4 Qa5 5.Bd3 d5 6.e5 Ne4 7.Bd2 Nxd2 8.Qxd2 g6
9.Nf3 Bg4 10.Nh4 e6 11.h3 Bf5 12.Bxf5 gxf5 13.g4 fxg4 14.hxg4 Nd7 15.Ne2 Bb4
16.c3 Be7 17.Nf3 O-O-O 18.Kf2 Rdg8 19.g5 Kb8 20.Qd3 Nf8 21.b4 Qa3 22.Qc2 Ng6
23.Qb3 Qa6 24.a4 Bf8 25.b5 Qb6 26.c4 dxc4 27.Qxc4 h6 28.Rab1 c5 29.a5 Qxa5
30.b6 hxg5 31.bxa7+ Ka8 32.f5 Rxh1 33.Rxh1 Nf4 34.Nxf4 gxf4 35.fxe6 Qa3 36.Re1 Rg3
37.Qd5 fxe6 38.Qe4 Be7 39.Re2 Rg4 40.Rd2 Qe3+ 41.Qxe3 fxe3+ 42.Kxe3 cxd4+
43.Kd3 Bc5 44.Rh2 Rg3 45.Ke4 Rg6 46.Rh4 Kxa7 47.Nxd4 Bxd4 48.Kxd4 Kb6 49.Rh8 Rg4+
50.Kd3 Kc5 51.Rd8 Kb4 52.Rd6 Rg6 53.Rb6+ Kc5 54.Rxb7 Kd5 55.Rb5+ Kc6 56.Ra5 Rg4
57.Ra6+ Kd5 58.Ra5+ Kc6 59.Ra6+ Kd5 60.Ra5+ Kc6 61.Ra6+  1/2-1/2

[Event "Server24Chess 2012"]
[Site "Ortisei ITA"]
[Date "2012.06.06"]
[Round "5"]
[White "Okhotnik,V"]
[Black "Fierro Baquero,M"]
[Result "1-0"]
[WhiteElo "2463"]
[BlackElo "2377"]

1.e4 d6 2.d4 Nf6 3.Nc3 e5 4.Nf3 Nbd7 5.Rg1 h6 6.g4 Be7 7.h3 c6 8.a4 a5 9.Bc4 Nh7
10.Be3 Bf6 11.d5 Nb6 12.Bxb6 Qxb6 13.dxc6 O-O 14.cxb7 Bxb7 15.Nd5 Qc5 16.b3 Ng5
17.Nxf6+ gxf6 18.Nxg5 hxg5 19.Qd3 Kg7 20.h4 gxh4 21.O-O-O Qd4 22.Qxd4 exd4
23.Rxd4 h3 24.Kd2 Rh8 25.Ke3 h2 26.Rh1 Rad8 27.f3 Rh3 28.Kf2 f5 29.gxf5 Kf6
30.Kg2 Rdh8 31.Rxd6+ Ke5 32.Rd7 Bc8 33.Rd8  1-0

[Event "4th Rheinland-Pfalz Open 2012"]
[Site "Altenkirchen GER"]
[Date "2012.06.07"]
[Round "1.15"]
[White "Meijers,V"]
[Black "Henrich,D"]
[Result "1-0"]
[WhiteElo "2487"]
[BlackElo "1779"]

1.d4 d6 2.e4 Nf6 3.Nc3 e5 4.Nf3 Nbd7 5.Bc4 Be7 6.O-O O-O 7.a4 a5 8.Qe2 c6
9.Rd1 Qc7 10.Bg5 Nb6 11.Bb3 Be6 12.Bxe6 fxe6 13.dxe5 dxe5 14.Nd2 h6 15.Be3 Nfd7
16.Nc4 Rf6 17.Rd2 Nxc4 18.Qxc4 Nb6 19.Qb3 Bb4 20.Rad1 Raf8 21.h3 Kh7 22.Rd3 R8f7
23.Na2 c5 24.c4 Nc8 25.Nxb4 axb4 26.Rd8 Rf8 27.Qd3 b6 28.Qd7 Rxd8 29.Qxc7 Rxd1+
30.Kh2 Nd6 31.Qxb6 Nxc4 32.Qxc5 Nxe3 33.Qxe3 Ra1 34.Qb3 Rxf2 35.Kg3 Rf6 36.Qxb4 Rg1
37.Qd2 Rg6+ 38.Kh2 Ra1 39.b3 Rf6 40.Qb2 Rff1 41.Qxe5 Rh1+ 42.Kg3 Rhg1 43.Qxe6 Ra2
44.Qf5+ Kh8 45.Qf3  1-0

[Event "1st Grand Europe Open"]
[Site "Golden Sands BUL"]
[Date "2012.06.07"]
[Round "4.14"]
[White "Hunt,A"]
[Black "Nevednichy,V"]
[Result "1-0"]
[WhiteElo "2461"]
[BlackElo "2553"]

1.e4 d6 2.d4 Nf6 3.Nc3 e5 4.Nf3 Nbd7 5.Bc4 Be7 6.O-O O-O 7.Re1 a6 8.a4 b6
9.d5 h6 10.a5 b5 11.Bf1 Bb7 12.b3 Rc8 13.Ba3 c5 14.dxc6 Rxc6 15.Nd5 Nxd5
16.exd5 Rc3 17.Bb4 Rc7 18.c4 bxc4 19.Bxc4 Re8 20.Nd2 f5 21.Bc3 Kh7 22.Qf3 g6
23.Nf1 Bf6 24.Rad1 Bg7 25.Qe2 Qc8 26.Bb4 Nc5 27.Ba3 e4 28.f4 Qa8 29.Ne3 Qa7
30.Kh1 Bc8 31.Bb2 Qb8 32.Bxg7 Rxg7 33.Nc2 g5 34.fxg5 Rxg5 35.b4 Na4 36.Rc1 Nb2
37.Rf1 Qa7 38.Ne3 Nd3 39.Rb1 Qd4 40.Rbd1 Bd7 41.Bxa6 Qxb4 42.Rb1 Qxa5 43.Bxd3 exd3
44.Qxd3 Kg8 45.h3 Rg3 46.Rf3 Rxf3 47.gxf3 Qa4 48.Rg1+ Kf7 49.Nxf5 Qf4 50.Nxd6+ Kf8
51.Nxe8 Qh4 52.f4 Kxe8 53.Qg3 Qxh3+ 54.Qxh3 Bxh3 55.Rg7 Bf5 56.d6 h5 57.Kh2 h4
58.Rg5 Bb1 59.Kh3 Kd7 60.Rd5  1-0

[Event "11th TCh-BIH Premier"]
[Site "Jahorina BIH"]
[Date "2012.06.07"]
[Round "6.1"]
[White "Kadric,D"]
[Black "Bosnjak,D"]
[Result "1-0"]
[WhiteElo "2407"]
[BlackElo "2298"]

1.e4 d6 2.d4 Nf6 3.Nc3 e5 4.Nf3 Nbd7 5.g4 Nxg4 6.Rg1 Ngf6 7.Be3 c6 8.Qd2 b5
9.O-O-O Qa5 10.dxe5 dxe5 11.Kb1 b4 12.Na4 h6 13.Bc4 Ba6 14.Bxa6 Qxa6 15.b3 g5
16.h4 g4 17.Nh2 O-O-O 18.Qd3 Qxd3 19.cxd3 h5 20.Bxa7 Bh6 21.Nf1 Kb7 22.Be3 Bf4
23.Ng3 Bxe3 24.fxe3 c5 25.Rgf1 Rc8 26.Rc1 Rc6 27.Rc2 Ka6 28.Rfc1 Kb5 29.Rf1 Rd6
30.Nb2 Nb6 31.Rf5 Re6 32.Rcf2 Nbd7 33.Nc4 Kc6 34.Rg5 Rg8 35.Rxg8 Nxg8 36.Rxf7 Rf6
37.Rg7 Rf3 38.Nxh5 Ngf6 39.Nxf6 Rxf6 40.Rxg4 Rf1+ 41.Kc2 Rf2+ 42.Nd2 Rh2
43.Kd1 Kd6 44.Nf3 Rxa2 45.h5 Ra1+ 46.Ke2 Rh1 47.Rg6+ Ke7 48.h6 Nf8 49.Rc6 Ne6
50.h7 Rh5 51.Ra6 Kf7 52.Nxe5+ Kf6 53.Ng4+ Kg5 54.Rxe6 Kxg4 55.Rg6+  1-0

[Event "11th TCh-BIH Premier"]
[Site "Jahorina BIH"]
[Date "2012.06.07"]
[Round "6.2"]
[White "Stavnjak,L"]
[Black "Batinic,P"]
[Result "0-1"]
[WhiteElo "2219"]
[BlackElo "2309"]

1.e4 d6 2.d4 Nf6 3.Nc3 e5 4.Nf3 Nbd7 5.Bc4 Be7 6.O-O O-O 7.a4 a6 8.a5 exd4
9.Nxd4 Ne5 10.Ba2 c5 11.Nde2 Nc6 12.Nf4 Nxa5 13.Nfd5 Nxd5 14.Nxd5 Nc6 15.Bf4 Ne5
16.Bg3 Re8 17.h3 b5 18.Qe2 Ra7 19.Rfd1 Bf8 20.f4 Nc6 21.Qf3 Be6 22.c3 Ne7
23.Bh4 Bxd5 24.Bxd5 Qb6 25.Ba2 Rd7 26.Re1 c4+ 27.Bf2 Qb7 28.Rad1 Ng6 29.Bb1 Be7
30.Qg4 Bd8 31.Kh2 Rde7 32.Bg3 Bc7 33.h4 Qc8 34.Qf3 Nf8 35.Bf2 Nd7 36.Bd4 Re6
37.g3 Bb6 38.Bc2 a5  0-1

[Event "Server24Chess 2012"]
[Site "Ortisei ITA"]
[Date "2012.06.07"]
[Round "6"]
[White "Antoniewski,R"]
[Black "Mogranzini,R"]
[Result "1/2-1/2"]
[WhiteElo "2536"]
[BlackElo "2461"]

1.e4 d6 2.d4 Nf6 3.Nc3 e5 4.Nf3 Nbd7 5.g3 c6 6.a4 b6 7.h3 Be7 8.Bg2 Ba6 9.Nh4 g6
10.Bh6 Qc7 11.Qd2 Nh5 12.Nf3 Nhf6 13.Qe3 Bf8 14.Bxf8 Kxf8 15.Qh6+ Kg8 16.dxe5 dxe5
17.Bf1 Bxf1  1/2-1/2

[Event "5th Sudety Open 2012"]
[Site "Szklarska Poreba POL"]
[Date "2012.06.07"]
[Round "6"]
[White "Klim,K"]
[Black "Obrusnik,M"]
[Result "1-0"]
[WhiteElo "2332"]
[BlackElo "2227"]

1.e4 d6 2.d4 Nf6 3.Nc3 e5 4.Nf3 Nbd7 5.Bc4 Be7 6.O-O O-O 7.Re1 a6 8.a4 b6
9.d5 Ne8 10.a5 b5 11.Bf1 g6 12.Bh6 Ng7 13.Na2 f5 14.c4 bxc4 15.Bxc4 fxe4
16.Bxg7 Kxg7 17.Nd2 e3 18.Rxe3 Bg5 19.Re1 Rb8 20.b3 Nf6 21.Nc3 c6 22.dxc6 d5
23.Nf3 Bg4 24.Nxg5 dxc4 25.Qxd8 Rbxd8 26.bxc4 h6 27.Nge4 Rd4 28.c5 Rc4 29.Ra4 Rxa4
30.Nxa4 Rc8 31.f3 Bf5 32.Nd6 Rxc6 33.Nxf5+ gxf5 34.Rxe5 Kg6 35.Re7 Nd5 36.Rd7 Nf4
37.Rb7 Kf6 38.g3 Nd5 39.f4 Ke6 40.Rh7 Nf6 41.Rxh6 Rc8 42.Nb6 Rc6 43.Kf1 Kf7
44.Nd7  1-0

[Event "Asian Junior Open 2012"]
[Site "Tashkent UZB"]
[Date "2012.06.07"]
[Round "9.5"]
[White "Kozganbayev,E"]
[Black "Sapaev,M"]
[Result "1-0"]
[WhiteElo "2317"]
[BlackElo "2147"]

1.e4 d6 2.d4 Nf6 3.Nc3 e5 4.Nge2 exd4 5.Nxd4 Be7 6.g3 O-O 7.Bg2 Re8 8.O-O Bf8
9.h3 c6 10.g4 Nbd7 11.g5 Nxe4 12.Nxe4 d5 13.Ng3 g6 14.Bf4 Qb6 15.Nb3 Bg7
16.Be3 Qd8 17.c3 Nf8 18.Qd2 f5 19.Bd4 Ne6 20.Bxg7 Kxg7 21.f4 Qd6 22.Ne2 Bd7
23.Ned4 Nf8 24.Nf3 Rad8 25.Rae1 Ne6 26.Nfd4 Nc7 27.Rxe8 Rxe8 28.Re1 Rd8 29.Qe3 Re8
30.Qf2 Rd8 31.Re5 c5 32.Nxc5  1-0

[Event "4th Rheinland-Pfalz Open 2012"]
[Site "Altenkirchen GER"]
[Date "2012.06.08"]
[Round "3.15"]
[White "Meijers,V"]
[Black "Freundlieb,T"]
[Result "1-0"]
[WhiteElo "2487"]
[BlackElo "2122"]

1.d4 d6 2.e4 Nf6 3.Nc3 e5 4.Nf3 Nbd7 5.Bc4 Be7 6.O-O O-O 7.a4 c6 8.Qe2 b6
9.Rd1 Qc7 10.Ba2 Bb7 11.dxe5 Nxe5 12.Nd4 Rfe8 13.Nf5 Rad8 14.Bg5 Bc8 15.f4 Ng6
16.Nxe7+ Qxe7 17.Qc4 d5 18.Qxc6 Bb7 19.Qb5 dxe4 20.Bd5 e3 21.Bxf6 gxf6 22.Bxb7 Qxb7
23.g3 Kh8 24.Qf5 Qc6 25.Rxd8 Rxd8 26.Ne4 Kg7 27.Re1 Rd5 28.Qh3 Qxc2 29.Qg2 Rd2
30.Qf3 Rxh2 31.Rxe3 Qxb2 32.Nf2 Rxf2 33.Qxf2 Qa1+ 34.Kh2 Qxa4 35.Qb2 Qd1
36.Qe2 Qd5 37.Rd3 Qc6 38.Qd1 a5 39.Rd6 Qc5 40.Qd4 Qc2+ 41.Kg1 Qf5 42.Qd5 Qh3
43.Kf2 Ne7 44.Qd4 Qh2+ 45.Kf1 Qh3+ 46.Kf2 Qh2+ 47.Kf1 Qh3+ 48.Ke2 Qg2+ 49.Kd1 Qf1+
50.Kc2 Qe2+ 51.Kc3 Qe1+ 52.Kb2 Qb4+ 53.Qxb4 axb4 54.Kc1 Nf5 55.Rd3 h5 56.Kd2 h4
57.gxh4 Nxh4 58.Rg3+ Kf8 59.Rb3 Ng6 60.Rxb4 Ne7 61.Kd3 Kg7 62.Rb5 Kg6 63.Ke4 Nc8
64.Rd5 Ne7 65.f5+ Kg7 66.Rd7 Nc6 67.Rd6 Ne5 68.Rxb6 Ng4 69.Rb1 Ne5 70.Kd5 Kf8
71.Rc1 Ke7 72.Rc7+ Kf8 73.Kd6 Ng4 74.Rc4 Ne5 75.Rc8+ Kg7 76.Ke7 Ng4 77.Rc1 Kh6
78.Kxf7 Kg5 79.Ke6 Ne3 80.Re1  1-0

[Event "11th TCh-BIH Premier"]
[Site "Jahorina BIH"]
[Date "2012.06.08"]
[Round "7.2"]
[White "Kekic,A"]
[Black "Bogut,Z"]
[Result "1/2-1/2"]
[WhiteElo "2227"]
[BlackElo "2426"]

1.e4 d6 2.d4 Nf6 3.Nc3 c6 4.a4 Nbd7 5.Nf3 e5 6.Be2 Be7 7.O-O O-O 8.Re1 b6
9.Bf1 a6 10.b3 Qc7 11.Ba3 Re8 12.Qd2 Bb7 13.Rad1 b5 14.dxe5 dxe5 15.Bxe7 Rxe7
16.Nh4 g6 17.Qg5 Kh8 18.Rxd7 Rxd7 19.Qxf6+ Kg8 20.Nf3 Re8 21.g3 Qd6 22.Qxd6 Rxd6
23.Bd3 f6 24.Nd2 Kg7 25.Nf1 Bc8 26.Ne3 Be6 27.Rb1 Red8 28.Kf1 h5 29.Ke2 h4
30.g4 Kh6 31.h3 Kg5 32.Ng2 Rh8 33.f3 Rhd8 34.Ke3 Bf7 35.Rd1 Rh8 36.Ra1 Rhd8
37.Rb1 Rh8 38.Ra1 Rdd8 39.Ne1 Be6 40.Rd1 Rdg8 41.Rd2 Kh6 42.Rf2 g5 43.Rd2 Rd8
44.Ke2 Kg7 45.Rd1 Ra8 46.Ra1 Rhd8 47.Ng2  1/2-1/2

[Event "Victory Day 2012"]
[Site "Moscow RUS"]
[Date "2012.06.08"]
[Round "7.1"]
[White "Stukopin,A"]
[Black "Kunin,V"]
[Result "1/2-1/2"]
[WhiteElo "2502"]
[BlackElo "2513"]

1.e4 d6 2.d4 Nf6 3.Nc3 e5 4.Nf3 Nbd7 5.g4 Nxg4 6.Rg1 Ngf6 7.Bc4 h6 8.Be3 c6
9.dxe5 dxe5 10.Qd3 b5 11.Bb3 Qa5 12.O-O-O Ba6 13.Nd2 O-O-O 14.Bxf7 Kb7 15.Nb3 Qc7
16.Ne2 g5 17.Ng3 Rh7 18.Be6 Re7 19.Bf5 Ree8 20.Bg6 c5 21.Qd2 c4 22.Na5+ Ka8
23.Bxe8 Rxe8 24.a3 Rb8 25.b4 cxb3 26.Nxb3 Bxa3+ 27.Kb1 Rc8 28.f3 Bb7 29.h3 Qc4
30.Rg2 Bb4 31.Qd3 Bc3 32.Bd2 Qb4 33.Bxc3 Rxc3 34.Qd6 Qxd6 35.Rxd6 Rxf3 36.Nc5 Bc8
37.Nxd7 Bxd7 38.Rd3 Rxd3 39.cxd3 Kb7 40.Rf2 Ne8 41.Rf7 Kc6 42.Nf5 Nd6 43.Nxd6 Kxd6
44.Rf6+ Kc5 45.Rxh6 a5 46.Rh7 Be6 47.Re7 Kd6 48.Rg7 Bxh3 49.Rxg5 a4 50.d4 exd4
51.Rxb5 Bg2 52.Rd5+ Ke6 53.Rxd4 Ke5 54.Rxa4 Bxe4+ 55.Kc1 Bg6 56.Kd2 Kf6 57.Ke3 Kg7
58.Kf4 Bh7 59.Kg5 Bg8 60.Ra7+ Kh8 61.Kg6 Bb3 62.Ra8+ Bg8 63.Kh6  1/2-1/2

[Event "Mitropa Cup 2012"]
[Site "Sibenik CRO"]
[Date "2012.06.08"]
[Round "9"]
[White "Zelbel,P"]
[Black "Straka,Joz2"]
[Result "1-0"]
[WhiteElo "2377"]
[BlackElo "2373"]

1.e4 d6 2.d4 Nf6 3.Nc3 e5 4.Nf3 Nbd7 5.Bc4 Be7 6.O-O O-O 7.Re1 a6 8.a4 b6
9.h3 c6 10.Ba2 Bb7 11.Nh4 g6 12.Bh6 Re8 13.Nf3 Bf8 14.Ng5 Re7 15.Bxf8 Qxf8
16.dxe5 dxe5 17.Qd6 h6 18.Nf3 Ree8 19.Rad1 Qxd6 20.Rxd6 Kg7 21.Red1 Nf8 22.Nd2 Rab8
23.b4 Re7 24.f3 Ne8 25.Rd3 Nc7 26.Nc4 Ba8 27.Rd8 Rxd8 28.Rxd8 b5 29.axb5 axb5
30.Na5 Rd7 31.Rc8 Nfe6 32.Bxe6 fxe6 33.Ne2 Kf6 34.Nc1 Rd1+ 35.Kh2 Rxc1 36.Rxc7 Rxc2
37.Rc8 c5 38.bxc5 b4 39.Rxa8 Rxc5 40.Nb3 Rc3 41.Nd2 Rc2 42.Rd8 Ke7 43.Rd3 Rc3
44.Rxc3 bxc3 45.Nb3 Kd6 46.Kg3 Kc6 47.Kf2 Kb5 48.Ke2 Kb4 49.Nc1 Kc4 50.Ke3 c2
51.Kd2 Kd4 52.Ne2+  1-0

[Event "4th Rheinland-Pfalz Open 2012"]
[Site "Altenkirchen GER"]
[Date "2012.06.09"]
[Round "6.10"]
[White "Heimann,An"]
[Black "Hess,O"]
[Result "1-0"]
[WhiteElo "2487"]
[BlackElo "2184"]

1.e4 d6 2.d4 Nf6 3.Nc3 e5 4.Nf3 Nbd7 5.g4 g6 6.h3 Bg7 7.Be3 exd4 8.Nxd4 Nc5
9.Bg2 Qe7 10.Qf3 c6 11.O-O-O O-O 12.g5 Nh5 13.Qe2 Be5 14.Qd2 Ne6 15.Nxe6 fxe6
16.Ne2 d5 17.f4 Bg7 18.Bf3 Bd7 19.Rhf1 Rad8 20.Bxh5 gxh5 21.Ng3 c5 22.Nxh5 Bb5
23.Rg1 dxe4 24.Qf2 Rxd1+ 25.Rxd1 b6 26.Qg2 Bc6 27.Qg4 Be8 28.Nxg7 Kxg7 29.Bd2 Bg6
30.Bc3+ Kg8 31.Bf6 Qf7 32.Rd6 Bf5 33.Qd1 e5 34.Bxe5 Qxa2 35.b3 Re8 36.Qd5+ Kf8
37.Rf6+  1-0

[Event "Hustopece Rapid"]
[Site "Hustopece CZE"]
[Date "2012.06.09"]
[Round "4.4"]
[White "Velicka,P"]
[Black "Plat,V"]
[Result "1/2-1/2"]
[WhiteElo "2470"]
[BlackElo "2485"]

1.e4 d6 2.d4 Nf6 3.Nc3 e5 4.dxe5 dxe5 5.Qxd8+ Kxd8 6.Bc4 Be6 7.Bxe6 fxe6
8.f3 Bb4 9.Bd2 Nc6 10.O-O-O Ke7 11.Nh3 Rad8 12.a3 Ba5 13.Ne2 Bb6 14.Rhf1 Rd7
15.Bg5 Rhd8 16.Rxd7+ Rxd7 17.Rd1 Rxd1+ 18.Kxd1 h6 19.Bxf6+ Kxf6 20.Ke1 Nd4
21.Nxd4 exd4 22.f4 c5 23.b3 e5 24.f5 Ba5+ 25.Ke2 b5 26.g3 Bc3 27.Ng1 a6 28.Nf3 c4
29.bxc4 bxc4 30.g4 Bb2 31.a4 Bc1 32.h4 Bf4 33.Kd1 Ke7 34.g5 hxg5 35.hxg5 Kd6
36.Ke2 Ke7  1/2-1/2

[Event "OKU Open GpA 2012"]
[Site "Utrecht NED"]
[Date "2012.06.09"]
[Round "2.1"]
[White "Vrancken,Gilbert"]
[Black "Reinderman,D"]
[Result "1-0"]
[WhiteElo "2196"]
[BlackElo "2598"]

1.e4 d6 2.d4 Nf6 3.Nc3 e5 4.dxe5 dxe5 5.Qxd8+ Kxd8 6.Nf3 Nbd7 7.Bc4 Bb4 8.Ng5 Ke7
9.O-O h6 10.Nf3 c6 11.Bd2 Bc5 12.a4 a5 13.Rfe1 Ne8 14.Ne2 Nd6 15.Bd3 Bb6
16.Ng3 g6 17.Bc3 f6 18.h4 h5 19.Nd2 Nc5 20.Nc4 Nxd3 21.cxd3 Nxc4 22.dxc4 Be6
23.b3 Rhd8 24.Rad1 Bg4 25.Rd2 Rxd2 26.Bxd2 Rd8 27.Be3 Bxe3 28.Rxe3 Rd1+ 29.Nf1 Kd6
30.f3 Be6 31.Kf2 Kc5 32.Ke2 Ra1 33.Rd3 g5 34.hxg5 fxg5 35.Rd8 g4 36.Nd2 gxf3+
37.Nxf3 Bg4 38.Ke3 Bxf3 39.gxf3 Rb1 40.Rd3 h4 41.Kf2 Rb2+ 42.Kg1 h3 43.Kh1 h2
44.f4 exf4 45.Rf3 Kd4 46.Rxf4 Rxb3 47.Kxh2 Kxc4 48.Kg2 Kd4 49.Kf2 c5 50.Ke2 Rb4  1-0

[Event "OKU Open GpA 2012"]
[Site "Utrecht NED"]
[Date "2012.06.09"]
[Round "3.2"]
[White "Van Kampen,R"]
[Black "Vrancken,Gilbert"]
[Result "1-0"]
[WhiteElo "2563"]
[BlackElo "2196"]

1.e4 d6 2.d4 Nf6 3.Nc3 e5 4.Nf3 Nbd7 5.Bc4 Be7 6.O-O O-O 7.a4 c6 8.Re1 b6
9.d5 Bb7 10.dxc6 Bxc6 11.Bg5 Qc7 12.Qe2 Rac8 13.Nd2 Nc5 14.Bxf6 Bxf6 15.Bd5 Ne6
16.Bxc6 Qxc6 17.Qg4 g6 18.Nd5 Bg5 19.Nf3 f5 20.exf5 gxf5 21.Ne7+ Kh8 22.Nxf5 Rg8
23.Qe4 Bf6 24.Qxc6 Rxc6 25.c3 Nf4 26.g3 Nd3 27.Re2 d5 28.Rd1 e4 29.Ne1 Nxe1
30.Rexe1 Rd8 31.Kg2 Rc4 32.Ne3 Rc5 33.b4 Rxc3 34.Nxd5 Rc6 35.Nxf6 Rxd1 36.Rxd1 Rxf6
37.Rd8+ Kg7 38.Rd7+ Kg6 39.Rxa7  1-0

[Event "TCh-FRA Top 12 2012"]
[Site "Belfort FRA"]
[Date "2012.06.10"]
[Round "11.8"]
[White "Leconte,M"]
[Black "Choisy,M"]
[Result "1/2-1/2"]
[WhiteElo "2260"]
[BlackElo "2205"]

1.d4 d6 2.e4 Nf6 3.Nc3 e5 4.Nge2 Nbd7 5.g3 Be7 6.Bg2 O-O 7.O-O c6 8.a4 b6
9.h3 a6 10.Be3 Bb7 11.d5 cxd5 12.exd5 Ne8 13.g4 Bg5 14.Qd2 Bxe3 15.fxe3 g6
16.Ng3 Ng7 17.Nce4 Qe7 18.g5 Ne8 19.Rf2 Nc5 20.Raf1 f5 21.gxf6 Nxf6 22.Nc3  1/2-1/2

[Event "FSFMB June 2012"]
[Site "Budapest HUN"]
[Date "2012.06.11"]
[Round "9.2"]
[White "Lukacs,Albert"]
[Black "Gruz,J"]
[Result "0-1"]
[WhiteElo "1776"]
[BlackElo "1858"]

1.e4 d6 2.d4 c6 3.Nc3 Nf6 4.Bd3 e5 5.Nge2 Nbd7 6.O-O Be7 7.f4 Qb6 8.Bc4 exf4
9.Nxf4 Ne5 10.Na4 Qb4 11.dxe5 dxe5 12.Bb3 exf4 13.e5 Nd5 14.Bxd5 cxd5 15.Rxf4 Qb5
16.Qh5 Be6 17.Be3 b6 18.Raf1 O-O-O 19.b3 g6 20.Qf3 Kb8 21.Nc3 Qc6 22.Rc4 Qb7
23.Rd4 Rd7 24.Nb5 Qc8 25.Nd6 Bxd6 26.exd6 Qb7 27.Bg5 Rc8 28.c3 h5 29.h3 Qc6
30.Bc1 Kb7 31.Bf4  0-1

[Event "1st Grand Europe Open"]
[Site "Golden Sands BUL"]
[Date "2012.06.11"]
[Round "8.29"]
[White "Carlsson,P"]
[Black "Voiska,M"]
[Result "1-0"]
[WhiteElo "2531"]
[BlackElo "2301"]

1.e4 d6 2.d4 Nf6 3.Nc3 e5 4.Nf3 exd4 5.Qxd4 Nc6 6.Bb5 Bd7 7.Bxc6 Bxc6 8.Bg5 Be7
9.O-O-O O-O 10.e5 Ne8 11.Bxe7 Qxe7 12.Rhe1 Bxf3 13.gxf3 Qg5+ 14.f4 Qh4 15.Qe3 Rd8
16.Qg3 Qh6 17.Kb1 Rb8 18.Nd5 Kh8 19.Nc3 c6 20.Ne4 dxe5 21.fxe5 Nc7 22.f4 Rbd8
23.Nd6 Rd7 24.f5 Ne8 25.Ne4 Rxd1+ 26.Rxd1 Qh5 27.Rf1 Nc7 28.Nd6 Nb5 29.Rg1 g6
30.e6 fxe6 31.Qe5+ Kg8 32.Qxe6+ Kh8 33.Qe7 Kg8 34.f6 Qh6 35.Nf5  1-0

[Event "Kuna Arandu GpB"]
[Site "Luque PAR"]
[Date "2012.06.11"]
[Round "7.3"]
[White "Chumpitaz,A"]
[Black "Borda,C"]
[Result "1-0"]
[WhiteElo "2220"]
[BlackElo "1982"]

1.e4 d6 2.d4 Nf6 3.Nc3 Nbd7 4.f4 e5 5.Nf3 Be7 6.Bd3 c6 7.Qe2 Qc7 8.Bd2 b5
9.d5 a6 10.dxc6 Qxc6 11.Nd5 Bd8 12.fxe5 dxe5 13.Bb4 Bb7 14.O-O-O Bb6 15.Ne3 Qe6
16.Nf5 O-O-O 17.Kb1 Nc5 18.Nxg7 Qg4 19.Nf5 Nfxe4 20.Ne3 Qf4 21.Bxb5 Nf2 22.Nc4 axb5
23.Nxb6+ Kb8 24.Bxc5 Rxd1+ 25.Rxd1 Nxd1 26.Qxd1 Bxf3 27.Qd6+ Kb7 28.Qd7+ Ka6
29.Nd5  1-0

[Event "26th Pula Open"]
[Site "Pula CRO"]
[Date "2012.06.11"]
[Round "3.11"]
[White "Waldmann,G"]
[Black "Medak,B"]
[Result "0-1"]
[WhiteElo "2208"]
[BlackElo "2398"]

1.e4 d6 2.d4 Nf6 3.Nc3 e5 4.dxe5 dxe5 5.Qxd8+ Kxd8 6.Bc4 Ke8 7.Nf3 Bd6 8.Bg5 Nbd7
9.O-O-O a6 10.h3 h6 11.Be3 b5 12.Bd5 Nxd5 13.Nxd5 Bb7 14.Nh4 g6 15.g4 Rc8
16.f3 Bxd5 17.Rxd5 Ke7 18.Rhd1 Nf6 19.R5d3 h5 20.Bg5 Ke6 21.Ng2 hxg4 22.hxg4 Nd7
23.Be3 Rh2 24.R3d2 Rch8 25.Bg1 Rh1 26.c3 R8h3 27.Rf2 Bc5 28.Rfd2 Rxg1 29.Rxd7 Rxg2
30.Rxc7 Be3+ 31.Kb1 Rhh2  0-1

[Event "26th Pula Open"]
[Site "Pula CRO"]
[Date "2012.06.12"]
[Round "4.17"]
[White "Orak,L"]
[Black "Srebrnic,A"]
[Result "1-0"]
[WhiteElo "2323"]
[BlackElo "2183"]

1.e4 d6 2.d4 Nf6 3.Nc3 e5 4.Nf3 Nbd7 5.Bc4 Be7 6.O-O O-O 7.Re1 a6 8.a4 b6
9.b3 Bb7 10.Bb2 Re8 11.d5 g6 12.Bc1 Nh5 13.Bh6 Bf8 14.Qd2 Bxh6 15.Qxh6 Qf6
16.Ng5 Qg7 17.Qxg7+ Kxg7 18.f3 Bc8 19.Nh3 Nf8 20.Nf2 Bd7 21.g3 h6 22.Kg2 f5
23.Be2 Nf6 24.a5 b5 25.Rad1 Rad8 26.Rd2 N8h7 27.Red1 Ng5 28.h4 Nf7 29.Bd3 Kf8
30.Na2 fxe4 31.fxe4 g5 32.hxg5 Nxg5 33.Nb4 Bc8 34.c4 bxc4 35.bxc4 Rd7 36.Re1 Rg7
37.Rh1 h5 38.Rc2 Nd7 39.Rxh5 Nc5 40.Rc1 Kf7 41.Rf1 Kg6 42.Rfh1 Reg8 43.Rh8 Kf7
44.Rxg8 Kxg8 45.Rh4 Bd7 46.Be2 Ba4 47.Nbd3 Nb7 48.Rh1 Bb3 49.Rb1 Nxa5 50.c5 dxc5
51.Nxc5 Bc4 52.Rb8+ Kh7 53.Bg4 Re7 54.Bf5+ Kg7 55.Ne6+ Nxe6 56.Bxe6 Be2 57.Ng4 Bxg4
58.Bxg4 Nc4 59.Ra8 Rf7 60.Be6 Ne3+ 61.Kh3 Rf1 62.Kh4 Rh1+ 63.Kg5 Rg1 64.g4 Ra1
65.Ra7 Rc1 66.Rxa6 Nc4 67.Rc6 Kh8 68.Rxc7  1-0

[Event "16th Voronezh Master Open"]
[Site "Voronezh RUS"]
[Date "2012.06.12"]
[Round "1.24"]
[White "Zakhartsov,Vl"]
[Black "Yudin,S"]
[Result "0-1"]
[WhiteElo "2249"]
[BlackElo "2530"]

1.e4 d6 2.d4 Nf6 3.Nc3 e5 4.dxe5 dxe5 5.Qxd8+ Kxd8 6.Bg5 Be6 7.O-O-O+ Kc8
8.Bxf6 gxf6 9.g3 Bc5 10.Rd2 Rd8 11.Nd5 Nd7 12.Bh3 c6 13.Nc3 Bd4 14.Bxe6 fxe6
15.Nd1 Kc7 16.Nf3 Bc5 17.c3 Bf8 18.Kc2 Bh6 19.Re2 Nc5 20.Ne3 a5 21.Rd1 b5
22.Rxd8 Rxd8 23.Ne1 a4 24.Ng4 Bg7 25.f3 h5 26.Nf2 Nd7 27.Ng2 c5 28.f4 c4
29.f5 exf5 30.exf5 Nc5 31.Ne4 Nxe4 32.Rxe4 Bh6 33.Re2 Rd3 34.Ne1 e4 35.a3 Be3
36.Ng2 Bg5 37.Ne1 Kd6 38.Rxe4 Rd2+ 39.Kb1 Rxh2 40.Nf3 Rg2 41.Nd4 Rxg3 42.Nxb5+ Kc6
43.Nd4+ Kd5 44.Re6 Re3 45.Ra6 h4 46.Rxa4 h3  0-1

[Event "16th Voronezh Master Open"]
[Site "Voronezh RUS"]
[Date "2012.06.12"]
[Round "1.17"]
[White "Grigoriants,S RUS"]
[Black "Rjabzev,K"]
[Result "1-0"]
[WhiteElo "2557"]
[BlackElo "2271"]

1.e4 d6 2.d4 Nf6 3.Nc3 e5 4.Nf3 Nbd7 5.Bc4 Be7 6.O-O O-O 7.a4 c6 8.Re1 exd4
9.Nxd4 Ne5 10.Bb3 a5 11.h3 Re8 12.Bf4 Bf8 13.Qd2 Qb6 14.Rad1 Be6 15.Nxe6 fxe6
16.Qe2 Nfd7 17.Be3 Qa6 18.Nb5 d5 19.Nc7 Qxe2 20.Rxe2 Rac8 21.Nxe8 Rxe8 22.Bd4 Re7
23.Bxe5 Nxe5 24.exd5 exd5 25.Rde1 Ng6 26.c4 d4 27.c5+ Kh8 28.Rxe7 Bxe7 29.Bf7 Bxc5
30.Bxg6 hxg6 31.Re8+ Kh7 32.Kf1 Bd6 33.Ke2 b5 34.Re6 Bf8 35.axb5 cxb5 36.Re5 a4
37.Rxb5 a3 38.bxa3 Bxa3 39.Kd3 Be7 40.Kxd4 Bf6+ 41.Kd5 Bc3 42.Ke6  1-0

[Event "26th Pula Open"]
[Site "Pula CRO"]
[Date "2012.06.13"]
[Round "6.20"]
[White "Lanzani,M"]
[Black "Srebrnic,A"]
[Result "1-0"]
[WhiteElo "2327"]
[BlackElo "2183"]

1.d4 d6 2.e4 Nf6 3.Nc3 e5 4.dxe5 dxe5 5.Qxd8+ Kxd8 6.Nf3 Bd6 7.h3 a6 8.Be3 Nbd7
9.O-O-O b5 10.Nd2 Bb7 11.f3 Ke7 12.Nb3 Rad8 13.g4 c6 14.h4 Ne8 15.g5 Nc7
16.Bh3 Ne6 17.Kb1 Rhe8 18.h5 Ndf8 19.a3 Bc7 20.g6 hxg6 21.hxg6 Rxd1+ 22.Rxd1 f6
23.Ne2 Bc8 24.Bf5 Rd8 25.Rh1 a5 26.Ng3 a4 27.Nc5 Bd6 28.Nxe6 Nxe6 29.Rh7 Ke8
30.Kc1 Bf8 31.Nh5 Bd7 32.Rh8 Ke7 33.Bxe6 Kxe6 34.Nxg7+ Kd6 35.Nf5+ Bxf5 36.exf5 Kc7
37.Bc5 Bg7 38.Bb6+  1-0

[Event "26th Pula Open"]
[Site "Pula CRO"]
[Date "2012.06.13"]
[Round "6.15"]
[White "Dudas,E"]
[Black "Tratar,M"]
[Result "0-1"]
[WhiteElo "2215"]
[BlackElo "2503"]

1.e4 d6 2.d4 Nf6 3.Nc3 e5 4.Nf3 Nbd7 5.Bc4 Be7 6.O-O O-O 7.Re1 c6 8.a4 a5
9.h3 Nb6 10.Bb3 Nfd7 11.Be3 exd4 12.Bxd4 Nc5 13.Bxc5 dxc5 14.Qe2 Qd6 15.Rad1 Qh6
16.Nb1 c4 17.Bxc4 Nxa4 18.c3 Qh5 19.Nd4 Qxe2 20.Rxe2 Rd8 21.Rde1 Bc5 22.Nf5 Kf8
23.Bb3 Nb6 24.Nd2 a4 25.Ba2 Be6 26.Bxe6 fxe6 27.Ng3 Rd3 28.Nh5 e5 29.Kh1 Be7
30.Rf1 g6 31.Ng3 Rad8 32.Nf3 Nc4 33.Ra1 Rd1+ 34.Re1 Rxe1+ 35.Rxe1 Nxb2 36.Nxe5 a3
37.Ne2 Rd1 38.Rxd1 Nxd1 39.Nc1 Nxf2+ 40.Kg1 Nxe4 41.Na2 Bf6  0-1